Trouvez les chansons de l'année 2013 - Statistiques

Statistiques générales
  • Ce quiz a été pris 747 fois
  • Le résultat moyen est 3 sur 10
Statistiques - réponses
Paroles Chansons % Correct
"Tout le monde sait comment on fait les bébés, mais personne sait comment on fait les papas" Papaoutai - Stromae
99%
"Elle n'était pas d'ici, ni facile ni difficile, synonyme de "magnifique", à ses pieds que des disciples qui devenaient vite indécis, tremblants comme des feuilles" Bella - Maître Gims
64%
"On s'était dit des choses, que l'on ne tiendra pas, le temps que l'on se pose, sur nos lauriers mayas" Paris-Seychelles - Julien Doré
53%
"On dira que les poètes n'ont pas de drapeaux, on fera des jours de fêtes autant qu'on a de héros, on saura que les enfants sont les gardiens de l'âme" On ira - Zaz
39%
"Tu me dis que rien n'efface, ni la craie ni le sang, qu'on apprend après la classe ou après ses trente ans, qu'on peut dire trois fois hélas, que personne ne l'entend" Beau Malheur - Emmanuel Moire
31%
"La nuit vient de tomber, l'envie s'éveille en moi, c'est tout ce qu'on espérait, pour unir enfin nos voix Danse - Tal
15%
"Je ne crois pas au hasard, le jour comme le soir, tu me tiens chaud, comme l'ébène et l'ivoire, viens on va s'asseoir au vieux piano" Tombé sous le charme - Christophe Maé
12%
"Je marche sur la grève, où les bateaux s'échouent, mais jamais la marée ne ramène nos hommes jusqu'à nous" Juste pour me souvenir - Nolwenn Leroy
6%
"J'ai le blues d'avant, avant cette métamorphose qui me fait bon sang, rentrer dans le rang, le blues du temps, du temps de l'apothéose, où tout petit pourtant j'me sentais géant" Le blues du rose - Thomas Dutronc - Le soldat rose
4%
"Les voisins du dessus cognent à grands coups de massue, mais le sommier sonore grince, grince toujours plus fort" Love song - Vanessa Paradis
1%
Aucun quiz correspondant
Distribution des résultats
% des personnes avec chaque résultat
Percentile par nombre de réponses
Votre historique - résultats
Vous n’avez pas pris ce quiz